| 000 | 00409cam a2200145ua 4500 | ||
|---|---|---|---|
| 020 | _a9788123923154 | ||
| 082 |
_a621.815 _bMAH/DE |
||
| 100 |
_aMahadevan, K . _9861 |
||
| 245 | 0 | 0 | _aDesign Data handbook for Mechanical Engineers / |
| 250 | _a2 / 3/ 4 | ||
| 260 |
_aNew Delhi : _bC B S Publishers & Distributers Pvt. Ltd, _c2013 |
||
| 300 | _a430 ; .497 | ||
| 700 | 1 |
_aBalaveera Reddy, K . _9862 |
|
| 942 | _cBK | ||
| 999 |
_c7076 _d7076 |
||